Propuesta de estrategia productiva para la Gerencia de Concentrados de la Cooperativa de Productores de Leche
Αποθηκεύτηκε σε:
| Κύριος συγγραφέας: | |
|---|---|
| Άλλοι συγγραφείς: | |
| Μορφή: | Βιβλίο |
| Έκδοση: |
San José, C.R
2000
|
| Θέματα: | |
| Ετικέτες: |
Προσθήκη ετικέτας
Δεν υπάρχουν, Καταχωρήστε ετικέτα πρώτοι!
|
MARC
| LEADER | 00000nam a2200000Ia 4500 | ||
|---|---|---|---|
| 003 | 008694 | ||
| 005 | 20221231144203.0 | ||
| 008 | 140114s2000 cr a m 000 ||s d | ||
| 040 | |c cru CEDI | ||
| 090 | |a TFG 4285 | ||
| 100 | |a Pereira Castillo, Viviana |9 7860 | ||
| 245 | |a Propuesta de estrategia productiva para la Gerencia de Concentrados de la Cooperativa de Productores de Leche | ||
| 260 | |c 2000 |a San José, C.R | ||
| 300 | |a Pág. y otros xx, 198, [75] hojas : ilustraciones (algunas a color, plegables,) | ||
| 500 | |a Tesis (licenciatura en ingeniería industrial)--Universidad de Costa Rica. Facultad de Ingeniería. Escuela de Ingeniería Industrial, | ||
| 650 | |x CONTROL DE COSTOS |x RENDIMIENTO INDUSTRIAL |x ESTRATEGIA FINANCIERA |x CONTROL DE PROCESOS |x PLANIFICACION ESTRATEGICA |9 7863 | ||
| 700 | |9 7862 |a Rodríguez Murillo, Christian | ||
| 942 | |c TFG | ||
| 999 | |c 18152 |d 18152 | ||
